Statistiques concernant Actrices Françaises Ultimate

Cliquez ici pour prendre le quiz!

Statistiques générales

  • Ce quiz a été pris 85 fois
  • Le résultat moyen est 35 sur 67

Statistiques - réponses

Réponse% Correct
Marion Cotillard
96%
Isabelle Adjani
90%
Sophie Marceau
88%
Brigitte Bardot
87%
Catherine Deneuve
86%
Charlotte Gainsbourg
86%
Adèle Exarchopoulos
84%
Camille Cottin
80%
Léa Seydoux
80%
Vanessa Paradis
78%
Valérie Efira
77%
Isabelle Nanty
74%
Audrey Tautou
72%
Juliette Binoche
71%
Josiane Balasko
70%
Marina Foïs
70%
Leïla Bekhti
68%
Anémone
67%
Sandrine Kiberlain
67%
Mélanie Laurent
65%
Marilou Berry
64%
Adèle Haenel
61%
Carole Bouquet
59%
Isabelle Huppert
59%
Marie-Anne Chazel
59%
Miou Miou
59%
Valérie Bonneton
59%
Fanny Ardant
58%
Karin Viard
58%
Mathilde Seigner
58%
Nathalie Baye
58%
Laure Calamy
55%
Bérénice Béjo
54%
Emmanuelle Béart
54%
Ana Girardot
52%
Catherine Frot
48%
Emmanuelle Seigner
46%
Sandrine Bonnaire
46%
Chantal Lauby
45%
Brigitte Fossey
43%
Julie Depardieu
43%
Louise Bourgoin
43%
Agnès Jaoui
42%
Sylvie Testud
39%
Yolande Moreau
39%
Annie Girardot
38%
Mélanie Thierry
38%
Simone Signoret
38%
Virginie Ledoyen
38%
Sabine Azéma
36%
Emmanuelle Devos
35%
Mireille Darc
35%
Isabelle carré
33%
Marlène Jobert
32%
Nicole Garcia
32%
Elodie Bouchez
28%
Jeanne Moreau
28%
Arletty
26%
Claude Gensac
25%
Michèle Morgan
25%
Sara Forestier
25%
Bernadette Lafont
23%
Danielle Darrieux
23%
Anouk aimée
19%
Ariane Ascaride
19%
Anne Brochet
12%
Ginette Leclerc
6%

Distribution des résultats

Percentile par nombre de réponses

% des personnes avec chaque résultat

Votre développement - résultats

Vous n’avez pas pris ce quiz